<?xml version="1.0" encoding="UTF-8"?>
<record
    xmlns:xsi="http://www.w3.org/2001/XMLSchema-instance"
    xsi:schemaLocation="http://www.loc.gov/MARC21/slim http://www.loc.gov/standards/marcxml/schema/MARC21slim.xsd"
    xmlns="http://www.loc.gov/MARC21/slim">

  <leader>01239cam a2200361   4500</leader>
  <datafield tag="999" ind1=" " ind2=" ">
    <subfield code="c">24171</subfield>
    <subfield code="d">24171</subfield>
  </datafield>
  <controlfield tag="001">vtls012080298</controlfield>
  <controlfield tag="005">20260506091537.0</controlfield>
  <controlfield tag="008">211209s2021    xo ho  erh    000 fbslo  </controlfield>
  <datafield tag="020" ind1=" " ind2=" ">
    <subfield code="a">9788055180182</subfield>
    <subfield code="q">(viazan&#xE9;)</subfield>
  </datafield>
  <datafield tag="040" ind1=" " ind2=" ">
    <subfield code="a">GAGK</subfield>
    <subfield code="b">slo</subfield>
    <subfield code="c">GAGK</subfield>
    <subfield code="d">SNK</subfield>
    <subfield code="e">rda</subfield>
  </datafield>
  <datafield tag="041" ind1="0" ind2=" ">
    <subfield code="a">slo</subfield>
  </datafield>
  <datafield tag="044" ind1=" " ind2=" ">
    <subfield code="a">xo</subfield>
    <subfield code="c">SK</subfield>
  </datafield>
  <datafield tag="072" ind1=" " ind2="7">
    <subfield code="a">821.162.4-3</subfield>
    <subfield code="x">Slovensk&#xE1; pr&#xF3;za</subfield>
    <subfield code="2">konspekt</subfield>
  </datafield>
  <datafield tag="080" ind1=" " ind2=" ">
    <subfield code="a">821.162.4-31</subfield>
    <subfield code="2">2011</subfield>
  </datafield>
  <datafield tag="080" ind1=" " ind2=" ">
    <subfield code="a">(0:82-312.6)</subfield>
    <subfield code="2">2011</subfield>
  </datafield>
  <datafield tag="100" ind1="1" ind2=" ">
    <subfield code="a">Coddington, Andrea,</subfield>
    <subfield code="d">1975-</subfield>
    <subfield code="4">aut</subfield>
    <subfield code="9">4543</subfield>
  </datafield>
  <datafield tag="245" ind1="1" ind2="0">
    <subfield code="a">Moje javisko Svet</subfield>
    <subfield code="b">pr&#xED;beh here&#x10D;ky &#x17E;idovsk&#xE9;ho p&#xF4;vodu</subfield>
    <subfield code="c">Andrea Coddington</subfield>
  </datafield>
  <datafield tag="250" ind1=" " ind2=" ">
    <subfield code="a">Prv&#xE9; vydanie</subfield>
  </datafield>
  <datafield tag="264" ind1=" " ind2="1">
    <subfield code="a">Bratislava</subfield>
    <subfield code="b">Ikar</subfield>
    <subfield code="c">2021</subfield>
  </datafield>
  <datafield tag="300" ind1=" " ind2=" ">
    <subfield code="a">245 str&#xE1;n</subfield>
    <subfield code="b">faksimile, fotografie</subfield>
    <subfield code="c">21 cm</subfield>
  </datafield>
  <datafield tag="336" ind1=" " ind2=" ">
    <subfield code="a">text</subfield>
    <subfield code="b">txt</subfield>
    <subfield code="2">rdacontent</subfield>
  </datafield>
  <datafield tag="337" ind1=" " ind2=" ">
    <subfield code="a">bez m&#xE9;dia</subfield>
    <subfield code="b">n</subfield>
    <subfield code="2">rdamedia</subfield>
  </datafield>
  <datafield tag="338" ind1=" " ind2=" ">
    <subfield code="a">zv&#xE4;zok</subfield>
    <subfield code="b">nc</subfield>
    <subfield code="2">rdacarrier</subfield>
  </datafield>
  <datafield tag="500" ind1=" " ind2=" ">
    <subfield code="a">Obsahuje biografick&#xE9; &#xFA;daje o autorke na z&#xE1;lo&#x17E;ke prebalu publik&#xE1;cie</subfield>
  </datafield>
  <datafield tag="500" ind1=" " ind2=" ">
    <subfield code="a">Podn&#xE1;zov z prebalu publik&#xE1;cie</subfield>
  </datafield>
  <datafield tag="600" ind1="1" ind2="7">
    <subfield code="a">&#x160;pitzerov&#xE1;, Dalma,</subfield>
    <subfield code="d">1925-2021</subfield>
    <subfield code="2">SNKMA</subfield>
    <subfield code="9">5508</subfield>
  </datafield>
  <datafield tag="655" ind1=" " ind2="7">
    <subfield code="a">slovensk&#xE9; rom&#xE1;ny</subfield>
    <subfield code="2">SNKPH</subfield>
    <subfield code="9">1694</subfield>
  </datafield>
  <datafield tag="655" ind1=" " ind2="7">
    <subfield code="a">Slovak fiction</subfield>
    <subfield code="2">SNKPHeng</subfield>
    <subfield code="9">1695</subfield>
  </datafield>
  <datafield tag="655" ind1=" " ind2="7">
    <subfield code="a">Biographical novels</subfield>
    <subfield code="2">SNKPHeng</subfield>
    <subfield code="9">2127</subfield>
  </datafield>
  <datafield tag="655" ind1=" " ind2="7">
    <subfield code="a">biografick&#xE9; rom&#xE1;ny</subfield>
    <subfield code="2">SNKPH</subfield>
    <subfield code="9">2126</subfield>
  </datafield>
  <datafield tag="958" ind1=" " ind2=" ">
    <subfield code="a">LX</subfield>
  </datafield>
  <datafield tag="958" ind1=" " ind2=" ">
    <subfield code="a">BX</subfield>
  </datafield>
  <datafield tag="952" ind1=" " ind2=" ">
    <subfield code="0">0</subfield>
    <subfield code="1">0</subfield>
    <subfield code="2">udc</subfield>
    <subfield code="4">0</subfield>
    <subfield code="7">0</subfield>
    <subfield code="8">K</subfield>
    <subfield code="a">10000</subfield>
    <subfield code="b">10000</subfield>
    <subfield code="d">2026-05-06</subfield>
    <subfield code="g">2.90</subfield>
    <subfield code="i">22538</subfield>
    <subfield code="o">B11054</subfield>
    <subfield code="p">B11054</subfield>
    <subfield code="r">2026-05-06</subfield>
    <subfield code="w">2026-05-06</subfield>
    <subfield code="y">KLDO</subfield>
  </datafield>
</record>
